Score 0/11 Timer 01:00
0 Plays Today
Clue 4-Letter Word % Correct
Give someone a job•HIRE•
98.8%
Take someone's job away•FIRE•
97.8%
Conceal from the view of othersHIDE
96.4%
What a Brit calls a queueLINE
87.4%
Support a faction in a conflictSIDE
84.2%
Lacking support, isolatedLONE
84%
Throw something casually or lightly TOSS
83.5%
Trigonometric function equal to the ratio of the side opposite a given angleSINE
83.4%
Musical sound with reference to pitch and/or strengthTONE
81.5%
The person with the power to do [Rung 1] and [Rung 2]•BOSS•
77.7%
Tennessee Ernie Ford's hit song 'Sixteen ___'TONS
73.1%

Today's Daily Dose

Quick Pick
Colorful Movies

Get the Picture
Dog Breeds II

Remove Ads.
Support Sporcle.
Get the best of Sporcle when you Go Orange. This ad-free experience offers more features, more stats, and more fun while also helping to support Sporcle. Thank you for becoming a member.

You're not logged in!

Compare scores with friends on all Sporcle quizzes.
OR
Log In

Show Comments

Extras

Top Quizzes Today


Score Distribution

Your Account Isn't Verified!

In order to create a playlist on Sporcle, you need to verify the email address you used during registration. Go to your Sporcle Settings to finish the process.

Report this User

Report this user for behavior that violates our Community Guidelines.

Details: